000 00941nam a22003137a 4500
003 CHAP
005 20220329140126.0
008 971013s1952 r 00010 d
010 _a47352
011 _a48324
035 _a52469
040 _cCHAP
090 _aFolleto 11936
100 0 0 _aVan Den Abeele, Marcel.
_9117712
245 _aPlantes amylacées
250 _a2 ed.
260 _aBruxelles :
_bCentre D'Informationet de Documentation,
_c1952
300 _a84 p.
_b: ilus.
590 _aBATCH-UPD
_b10
_c20130110
_lUCH01
_h0008
590 _aBATCH-UPD
_b10
_c20130110
_lUCH01
_h2313
590 _aBATCH-UPD
_b10
_c20130409
_lUCH01
_h1944
590 _aBATCH-UPD
_b10
_c20130914
_lUCH01
_h1920
590 _aCONVERSION
_b10
_c20130109
_lUCH01
_h1326
650 1 4 _aPlantas feculentas.
_988942
700 0 _aVandenput, René.
_9117858
901 _aBK
942 _cFOLL
949 _aFolleto 11936
_bBC
_cFOLL
_d-116875
_eTS1
_i52469
_mD
_si
999 _c47352
_d47352